000 00292nam a22001337a 4500
008 170130b xxu||||| |||| 00| 0 eng d
020 _a9780780810051
041 _aeng
080 _24TH
_a61
100 _a3
101 _aSHMI
245 _aDIABETES SOURCEBOOK
_cBELLENIR, K
942 _2udc
_cBK
999 _c4007
_d4007